| 000 | 01491nam a2200229Ia 4500 | ||
|---|---|---|---|
| 001 | 11180 | ||
| 003 | GE_BSU | ||
| 008 | 181216s||||||||xx |||||||||||||| ||und|| | ||
| 040 | _cGE_BSU | ||
| 080 | _a631.6(075.8)+630(075.8)+626/627 | ||
| 100 | _aნავროცკი,ს. ჟოხოვი,პ. ნიკოლაენკო,ვ. | ||
| 245 | _aსასოფლო-სამეურნეო მელიორაცია მეტყევეობისა და წყალმომარაგების საფუძვლით. | ||
| 245 | _bსახელმძღვ.საშუალო სას.-სამ. სასწ. შემდეგი სპეციალ:"აგრონომია", "მეხილეობა-მებოსტნეობა", მიწათმოწყობა". | ||
| 245 | _cმთარგმნ:ო.ნ.ვაშაკიძე; მთარგნ გ-ის რედ:მ.ი.შინჯიკაშვილი. | ||
| 260 | _aთბილისი. | ||
| 260 | _bგანათლება. | ||
| 260 | _c1989. | ||
| 300 | _a346გვ;22სმ. | ||
| 520 | _aსახელმძღ. და დამხ. სახ. საშ. სას.-სამ. სასწ.დაწეს. | ||
| 653 | _aსასოფლო-სამეურნეო მელიორაცია მეტყევეობისა და წყალმომარაგების საფუძვლით. | ||
| 942 | _cBK | ||
| 999 |
_c44414 _d44414 |
||